| 000 | 00893nam a2200265 i 4500 | ||
|---|---|---|---|
| 001 | 189244 | ||
| 003 | SpMaBN | ||
| 005 | 20240105102146.0 | ||
| 008 | 190430s2000 sp d |||| | spa d | ||
| 020 | _a84-7962-165-6 | ||
| 080 | _a(038)=134.2'373.4 | ||
| 100 | 1 |
_aLechado García, José Manuel ( _d1969-) _9166935 |
|
| 245 | 1 | 0 |
_aDiccionario de eufemismos y de expresiones eufemísticas del español actual / _cJosé Manuel Lechado García. |
| 260 |
_aMadrid : _bVerbum, _c[2000] |
||
| 300 |
_a207 p. ; _c20 cm. |
||
| 490 | 1 | _aVerbum lengua | |
| 490 | 1 | _aColección Cervantes | |
| 504 | _aBibliografía: p. 207. | ||
| 650 | 7 |
_aLengua española- _xEufemismos- _vDiccionarios. _9166936 |
|
| 830 | 0 |
_aVerbum lengua _9225800 |
|
| 830 | 0 |
_aColección Cervantes _9232956 |
|
| 852 |
_aES-MaACL _jA-14533 _9196382 _bR.152049 _cDEPO1 _dOlim: N-7533 |
||
| 942 | _2udc | ||
| 999 |
_c189244 _d189244 |
||